000 00551nam a2200205Ia 4500
005 20250505145656.0
008 008 250505s9999 xx 000 0 eng d
037 _aTextbook
040 _aFML
_beng
_cFML
041 _aeng
_2eng
084 _aNR44,3 R3
_qFML
100 _aPrasanna, Ravi Shankar
_9754170
245 0 _aIndian Classical Music
260 _aNew Delhi , India
_bB.R. Rhythms
_c2023
300 _a106p
365 _aINR
_b950
650 _aMusic
942 _cTB
_hNR44,3 R3
999 _c1311370
_d1311370